Nombres de 0 à 100 par ordre alphabétique - Statistiques

Statistiques générales
  • Ce quiz a été pris 229 fois
    213 depuis la dernière actualisation
  • Le résultat moyen est 31 sur 101
Statistiques - réponses
Première lettre Nombre % Correct
c 100
90%
c 5
78%
c 50
68%
c 55
60%
o 11
57%
h 8
56%
d 2
55%
c 52
55%
d 10
54%
n 9
54%
d 12
51%
q 40
51%
c 51
51%
c 58
51%
c 59
51%
c 54
50%
q 45
49%
c 56
49%
c 57
49%
q 42
48%
q 44
48%
c 53
48%
d 18
47%
q 48
47%
q 49
47%
d 17
46%
d 19
46%
q 41
46%
q 43
46%
q 46
46%
q 47
46%
z 0
40%
u 1
39%
v 20
38%
q 14
37%
v 25
37%
v 22
36%
v 21
35%
v 23
35%
v 24
35%
v 28
35%
v 29
35%
v 27
34%
v 26
33%
q 4
32%
t 3
31%
t 30
31%
s 6
30%
t 13
29%
t 31
29%
t 32
29%
t 33
29%
t 34
29%
t 35
29%
t 36
29%
t 37
29%
t 38
29%
t 39
29%
s 60
29%
s 7
28%
s 62
27%
s 65
27%
s 70
24%
s 16
23%
q 82
18%
q 85
18%
q 90
17%
s 78
15%
s 79
15%
q 80
15%
q 88
15%
q 89
15%
q 15
14%
s 61
14%
s 77
14%
q 92
14%
q 97
14%
q 98
14%
q 99
14%
s 68
13%
s 69
13%
q 84
13%
q 91
13%
q 94
13%
s 71
12%
s 72
12%
s 64
11%
s 67
11%
s 74
11%
s 75
10%
s 76
10%
q 87
10%
q 95
10%
s 63
9%
s 66
9%
s 73
9%
q 86
9%
q 83
8%
q 96
8%
q 93
7%
q 81
6%
Aucun quiz correspondant
Distribution des résultats
% des personnes avec chaque résultat
Percentile par nombre de réponses
Votre historique - résultats
Vous n’avez pas pris ce quiz depuis la dernière actualisation